| 000 | 00617nam a22002057a 4500 | ||
|---|---|---|---|
| 005 | 20231108122847.0 | ||
| 010 | _aENG-138298 | ||
| 020 |
_a97893566223172 _c875.00 |
||
| 035 | _aEN-121830 | ||
| 037 | _bDBAD/PUB | ||
| 082 | _a657.48 | ||
| 100 |
_aSharma, D G _958337 |
||
| 245 |
_aPrinciples & practice of accounting/ _cBy D G Sharma and S K Agrawal |
||
| 250 | _a3rd | ||
| 260 |
_bTaxmann Publications _c2022 _aNew Delhi |
||
| 270 |
_a59/32 New rohtak road _bNew Delhi _e110005 |
||
| 300 |
_a400p. _c27cm(pbk) |
||
| 700 |
_aS K Agrawal _e2nd author _958006 |
||
| 942 |
_2ddc _cEN _h657.48 _mSHA |
||
| 999 |
_c198844 _d198844 |
||